Math Subjects - Statistics

General Stats
  • This quiz has been taken 74 times
  • The average score is 8 of 17
Answer Stats
Clue Answer % Correct
A part of mathematics in which signs and letters represent numbers Algebra
97%
The study of space and the relationships between points, lines, curves, and surfaces Geometry
91%
An area of advanced mathematics in which continuously changing values are studied Calculus
90%
A type of mathematics that deals with the relationship between the angles and sides of triangles Trigonometry
90%
The science of using information discovered from collecting, organizing, and studying numbers Statistics
67%
The part of mathematics that involves the adding and multiplying, etc. of numbers Arithmetic
57%
The study of linear sets of equations and their transformation properties. Linear Algebra
50%
The mathematical theory of sets Set Theory
47%
The mathematical study of the properties that are preserved through deformations, twistings, and stretchings of objects Topology
41%
The branch of mathematics studying the enumeration, combination, and permutation of sets of elements and the mathematical relations that characterize their properties Combinatorics
40%
The study of groups; Group Theory
40%
The study of the qualities and characteristics of numbers Number Theory
34%
The study of equalities involving a function and its derivatives Differential Equations
26%
A mathematical theory about how decisions are made in situations where one person's decision affects another Game Theory
24%
The formal mathematical study of the methods, structure, and validity of mathematical deduction and proof Logic
21%
The branch of mathematics dealing with the efficient and accurate storage, transmission, and representation of information Information Theory
14%
The study of Riemannian manifolds (I can't make them all easy) Differential Geometry
9%
No matching quizzes found
Score Distribution
Percent of People with Each Score
Percentile by Number Answered
Your Score History
You have not taken this quiz